paroles - l'Amour Est un Cadeau - Statistiques

Statistiques générales
  • Ce quiz a été pris 179 fois
  • Le résultat moyen est 191 sur 219
Statistiques - réponses
Hint Réponse % Correct
à
100%
Anna | Hans J'
100%
j'
100%
m'
100%
Hans C'
99%
un
99%
n'
98%
Hans Qu'
98%
ai
97%
amour
97%
Amour
97%
est
97%
Est
97%
L'
97%
l'
97%
Anna Toute
97%
au
96%
cadeau
96%
de
96%
96%
une
96%
Une
96%
je
95%
Je
95%
vous
95%
ma
94%
que
94%
se
92%
vie
92%
ce
91%
Ce
91%
des
91%
comme
90%
jour
90%
plus
90%
dire
89%
Jusqu'
89%
nous
89%
sur
89%
tombé
89%
Pour
88%
en
87%
personne
87%
suis
87%
me
86%
Ensemble Qui
86%
qui
86%
Anna | Hans Avec
85%
Chips
85%
Ensemble Et
85%
phrases
85%
portes
85%
vos
85%
chose
84%
Nos
84%
finisse
83%
le
83%
Le
83%
sentiment
83%
Anna Toutes
83%
allais
82%
expliquer
82%
fermées
82%
inconnu
82%
Si
82%
sont
82%
âmes
81%
bonne
81%
coeur
81%
étoile
81%
mon
81%
passé
81%
façon
80%
nouveau
80%
Hns Comment
79%
découvert
79%
envie
79%
ne
79%
Notre
79%
Oui
79%
personnel
79%
seule
79%
autant
78%
beau
78%
chercher
78%
grande
78%
réponse
78%
trouvé
78%
encore
77%
épouser
77%
fête
77%
royale
77%
connais
76%
régale
76%
ressemble
76%
synchronisées
76%
cette
75%
évident
75%
insensée
75%
bien
74%
du
74%
Anna Quoi
74%
temps
74%
vu
74%
aussi
73%
Jusqu'à
73%
Aux
72%
adieu
71%
Dites
71%
voulez-vous
69%
attend
68%
parce
68%
totalement
67%
douleurs
66%
prie
64%
sera
56%
Hans Allez-y
55%
insensées
53%
idée
47%
monde
42%
hésite
31%
Aucun quiz correspondant
Distribution des résultats
% des personnes avec chaque résultat
Percentile par nombre de réponses
Votre historique - résultats
Vous n’avez pas pris ce quiz